LEADER 01032nam a2200229 i 4500 001 000000130680 003 CaOOAMICUS 005 20041102000000.0 008 041102s1943 it u000 u ita u 013 $a103517 040 $aSeMil$bita 100 1 $aPietrangeli, Carlo.$0(OLS)http://semarc/name/5723 245 10$aScavi e scoperte di antichità :$bsotto il Pontificato di Pio 6. /$cCarlo Pietrangeli. 260 $aRoma :$bReale Istituto di studi romani,$c1943. 300 $a214 p., [22] c. di tav. :$bill. ;$c25 cm. 490 0 $aCollectanea urbana ;$v1. 650 4$aScavi archeologici - Italia - Sec. 18.$0(OLS)http://semarc/subject/25770 830 0$aCollectanea urbana ;$v1.$0(OLS)http://semarc/title/16413 850 $aSeMil 852 $aSeMil$W1$xVenegono$y1$m5J XVI 22$j84716$B84716$CSeMilBibl$Z2$F88200 $81 996 $6245$aScavi e scoperte di antichità :$bsotto il Pontificato di Pio 6.$9(OLS)http://semarc/title/192457 996 $6260$aRoma :$bReale Istituto di studi romani$9(OLS)http://semarc/publisher/33407 LEADER 00879nas a2200229 i 4500 001 000000139404 003 CaOOAMICUS 005 20050523000000.0 008 050523b1994 it uu u0 0mul r 013 $a113437 020 $a88-7653-602-7 040 $aSeMil$bita 245 10$aElenchus of Biblica 1991 /$cRobert North. 260 $aRoma :$bPontificio Istituto Biblico,$c1994. 300 $a1062 p. ;$c24 cm. 700 1 $aNorth, Robert .$0(OLS)http://semarc/name/90933 850 $aSeMil 852 $aSeMil$W1$xVenegono$y1$m6 6 2$j92813$B92813$CSeMilBibl$Z2$F98057 $85 961 $aAbbonamento: Pontificio Istituto Biblico 996 $6020$a88-7653-602-7$9(OLS)http://semarc/number/127424 996 $6245$aElenchus of Biblica 1991$9(OLS)http://semarc/title/203682 996 $6260$aRoma :$bPontificio Istituto Biblico$9(OLS)http://semarc/publisher/30489 LEADER 00885nam a2200229 i 4500 001 000000049258 003 CaOOAMICUS 005 20120529000000.0 008 120529s1964 xx u000 u fre u 013 $a20428 040 $aSeMil$bita 100 1 $aSalleron, Louis,$d<1905-1992>.$0(OLS)http://semarc/name/24390 245 10$aDiffuser la propriété /$cLouis Salleron. 260 $aParis :$bNouvelles Éditions Latines,$ccopyr. 1964. 300 $a220 p. ;$c23 cm. 490 0 $aItinéraires 650 4$aProprietà.$0(OLS)http://semarc/subject/10245 830 0$aItinéraires.$0(OLS)http://semarc/title/29725 850 $aSeMil 852 $aSeMil$W1$xVenegono$y1$m2E II 130$j15413$B15413$CSeMilBibl$Z2$F15413 $81 996 $6245$aDiffuser la propriété$9(OLS)http://semarc/title/74820 996 $6260$aParis :$bNouvelles Éditions Latines$9(OLS)http://semarc/publisher/35389